<?xml version="1.0" encoding="UTF-8"?>
<record
    xmlns:xsi="http://www.w3.org/2001/XMLSchema-instance"
    xsi:schemaLocation="http://www.loc.gov/MARC21/slim http://www.loc.gov/standards/marcxml/schema/MARC21slim.xsd"
    xmlns="http://www.loc.gov/MARC21/slim">

  <leader>00602nam a22001337a 4500</leader>
  <datafield tag="040" ind1=" " ind2=" ">
    <subfield code="c">RUA</subfield>
  </datafield>
  <datafield tag="082" ind1=" " ind2=" ">
    <subfield code="a">AGR PHE 2010 B044 Or.1</subfield>
  </datafield>
  <datafield tag="100" ind1=" " ind2=" ">
    <subfield code="a">PHEAP, SAMBO.</subfield>
  </datafield>
  <datafield tag="245" ind1=" " ind2=" ">
    <subfield code="a">Effect of direct seedling mulch-based cropping system on nitrogen content the soil &#x17A5;&#x1791;&#x17D2;&#x1792;&#x17B7;&#x1796;&#x179B;&#x1794;&#x17D2;&#x179A;&#x1796;&#x17D0;&#x1793;&#x17D2;&#x1792;&#x178A;&#x17B6;&#x17C6;&#x178A;&#x17BB;&#x17C7;&#x179B;&#x17BE;&#x178A;&#x17C6;&#x178E;&#x17B6;&#x17C6;&#x1782;&#x1798;&#x17D2;&#x179A;&#x1794;&#x178A;&#x17B8;&#x179B;&#x17BE;&#x1794;&#x179A;&#x17B7;&#x1798;&#x17B6;&#x178E;&#x17A2;&#x17B6;&#x179F;&#x17BC;&#x178F;&#x1780;&#x17D2;&#x1793;&#x17BB;&#x1784;&#x178A;&#x17B8;</subfield>
  </datafield>
  <datafield tag="260" ind1=" " ind2=" ">
    <subfield code="a">Phnom Penh</subfield>
    <subfield code="b">RUA</subfield>
    <subfield code="c">2010</subfield>
  </datafield>
  <datafield tag="300" ind1=" " ind2=" ">
    <subfield code="a">ix; 40p.</subfield>
    <subfield code="b">ill.</subfield>
    <subfield code="c">29cm.</subfield>
  </datafield>
  <datafield tag="856" ind1=" " ind2=" ">
    <subfield code="u">https://drive.google.com/file/d/1a8ghY4ZE4s9uToqUGchptWEUrlj2_C5n/view?usp=sharing</subfield>
  </datafield>
  <datafield tag="942" ind1=" " ind2=" ">
    <subfield code="c">AGR</subfield>
  </datafield>
  <datafield tag="999" ind1=" " ind2=" ">
    <subfield code="c">1097</subfield>
    <subfield code="d">1097</subfield>
  </datafield>
  <datafield tag="952" ind1=" " ind2=" ">
    <subfield code="0">0</subfield>
    <subfield code="1">0</subfield>
    <subfield code="2">ddc</subfield>
    <subfield code="4">0</subfield>
    <subfield code="6">AGR_PHE_2010_000000000000000_B044_OR_1</subfield>
    <subfield code="7">0</subfield>
    <subfield code="9">4479</subfield>
    <subfield code="a">LBB</subfield>
    <subfield code="b">LBB</subfield>
    <subfield code="c">B044</subfield>
    <subfield code="d">2015-09-23</subfield>
    <subfield code="l">6</subfield>
    <subfield code="o">AGR PHE 2010 B044 Or.1</subfield>
    <subfield code="p">RUA000578</subfield>
    <subfield code="r">2025-06-12</subfield>
    <subfield code="s">2025-05-06</subfield>
    <subfield code="w">2015-09-23</subfield>
    <subfield code="y">AGR</subfield>
  </datafield>
  <datafield tag="952" ind1=" " ind2=" ">
    <subfield code="0">0</subfield>
    <subfield code="1">0</subfield>
    <subfield code="2">ddc</subfield>
    <subfield code="4">0</subfield>
    <subfield code="6">AGR_PHE_2010_000000000000000_B044_OR_2</subfield>
    <subfield code="7">0</subfield>
    <subfield code="9">4480</subfield>
    <subfield code="a">LBB</subfield>
    <subfield code="b">LBB</subfield>
    <subfield code="c">B044</subfield>
    <subfield code="d">2015-09-23</subfield>
    <subfield code="l">1</subfield>
    <subfield code="o">AGR PHE 2010 B044 Or.2</subfield>
    <subfield code="p">RUA000734</subfield>
    <subfield code="r">2019-12-18</subfield>
    <subfield code="s">2019-12-03</subfield>
    <subfield code="w">2015-09-23</subfield>
    <subfield code="y">AGR</subfield>
  </datafield>
  <datafield tag="952" ind1=" " ind2=" ">
    <subfield code="0">0</subfield>
    <subfield code="1">0</subfield>
    <subfield code="2">ddc</subfield>
    <subfield code="4">0</subfield>
    <subfield code="6">AGR_PHE_2010_000000000000000_B044_OR_3</subfield>
    <subfield code="7">0</subfield>
    <subfield code="9">4481</subfield>
    <subfield code="a">LBB</subfield>
    <subfield code="b">LBB</subfield>
    <subfield code="c">B044</subfield>
    <subfield code="d">2015-09-23</subfield>
    <subfield code="l">2</subfield>
    <subfield code="o">AGR PHE 2010 B044 Or.3</subfield>
    <subfield code="p">RUA000223</subfield>
    <subfield code="r">2025-12-12</subfield>
    <subfield code="s">2025-11-26</subfield>
    <subfield code="w">2015-09-23</subfield>
    <subfield code="y">AGR</subfield>
  </datafield>
  <datafield tag="952" ind1=" " ind2=" ">
    <subfield code="0">0</subfield>
    <subfield code="1">0</subfield>
    <subfield code="2">ddc</subfield>
    <subfield code="4">0</subfield>
    <subfield code="6">AGR_PHE_2010_000000000000000_B044_OR_4</subfield>
    <subfield code="7">0</subfield>
    <subfield code="9">4482</subfield>
    <subfield code="a">LBB</subfield>
    <subfield code="b">LBB</subfield>
    <subfield code="c">B044</subfield>
    <subfield code="d">2015-09-23</subfield>
    <subfield code="l">4</subfield>
    <subfield code="o">AGR PHE 2010 B044 Or.4</subfield>
    <subfield code="p">RUA000005</subfield>
    <subfield code="r">2021-02-15</subfield>
    <subfield code="s">2021-02-01</subfield>
    <subfield code="w">2015-09-23</subfield>
    <subfield code="y">AGR</subfield>
  </datafield>
  <datafield tag="952" ind1=" " ind2=" ">
    <subfield code="0">0</subfield>
    <subfield code="1">0</subfield>
    <subfield code="2">ddc</subfield>
    <subfield code="4">0</subfield>
    <subfield code="6">AGR_PHE_2010_000000000000000_B044_OR_5</subfield>
    <subfield code="7">0</subfield>
    <subfield code="9">4483</subfield>
    <subfield code="a">LBB</subfield>
    <subfield code="b">LBB</subfield>
    <subfield code="c">B044</subfield>
    <subfield code="d">2015-09-23</subfield>
    <subfield code="o">AGR PHE 2010 B044 Or.5</subfield>
    <subfield code="p">RUA000355</subfield>
    <subfield code="r">2015-09-23</subfield>
    <subfield code="w">2015-09-23</subfield>
    <subfield code="y">AGR</subfield>
  </datafield>
  <datafield tag="952" ind1=" " ind2=" ">
    <subfield code="0">0</subfield>
    <subfield code="1">0</subfield>
    <subfield code="2">ddc</subfield>
    <subfield code="4">0</subfield>
    <subfield code="6">AGR_PHE_2010_000000000000000_B044_OR_6</subfield>
    <subfield code="7">0</subfield>
    <subfield code="9">4484</subfield>
    <subfield code="a">LBB</subfield>
    <subfield code="b">LBB</subfield>
    <subfield code="c">B044</subfield>
    <subfield code="d">2015-09-23</subfield>
    <subfield code="l">3</subfield>
    <subfield code="o">AGR PHE 2010 B044 Or.6</subfield>
    <subfield code="p">RUA000508</subfield>
    <subfield code="r">2021-12-17</subfield>
    <subfield code="s">2021-12-08</subfield>
    <subfield code="w">2015-09-23</subfield>
    <subfield code="y">AGR</subfield>
  </datafield>
  <datafield tag="952" ind1=" " ind2=" ">
    <subfield code="0">0</subfield>
    <subfield code="1">0</subfield>
    <subfield code="2">ddc</subfield>
    <subfield code="4">0</subfield>
    <subfield code="6">AGR_PHE_2010_000000000000000_B044_OR_7</subfield>
    <subfield code="7">0</subfield>
    <subfield code="9">4485</subfield>
    <subfield code="a">LBB</subfield>
    <subfield code="b">LBB</subfield>
    <subfield code="c">B044</subfield>
    <subfield code="d">2015-09-23</subfield>
    <subfield code="l">4</subfield>
    <subfield code="m">1</subfield>
    <subfield code="o">AGR PHE 2010 B044 Or.7</subfield>
    <subfield code="p">RUA000224</subfield>
    <subfield code="r">2023-01-06</subfield>
    <subfield code="s">2022-12-20</subfield>
    <subfield code="w">2015-09-23</subfield>
    <subfield code="y">AGR</subfield>
  </datafield>
</record>
